[Event "Mondiale Lampo FIDE 2017"]
[Site "Riyadh"]
[Date "29.12.2017"]
[Round "9.12"]
[White "Nepomniachtchi, Ian"]
[Black "Adly, Ahmed"]
[Result "1-0"]
[WhiteTitle "GM"]
[BlackTitle "GM"]
[WhiteElo "2729"]
[BlackElo "2637"]
[WhiteFideId "4168119"]
[BlackFideId "10601619"]
[EventDate "2017.12.29"]

1. e4 c5 2. Nf3 d6 3. d4 cxd4 4. Nxd4 Nf6 5. Nc3 Nc6 6. Be2 Bd7 7. O-O g6 8. Nb3
Bg7 9. Re1 O-O 10. Bf1 Rc8 11. Bg5 Be6 12. Nd5 Bxd5 13. exd5 Nb4 14. c4 b5 15.
a3 bxc4 16. axb4 cxb3 17. Qxb3 Rc7 18. Bb5 Qb8 19. Bc6 e6 20. b5 Nxd5 21. Bxd5
exd5 22. Be7 Rb7 23. Bxf8 Rxb5 24. Bxd6 Rxb3 25. Bxb8 Rxb8 26. Rxa7 Bxb2 27. Rb1
Rc8 28. Rd7 d4 29. g3 Bc3 30. Rbb7 Re8 31. Kg2 Rf8 32. g4 h6 33. f4 Kg7 34. Kf3
Kf6 35. h4 h5 36. gxh5 gxh5 37. Rb6+ Kg7 38. Rb5 Kg6 39. Rg5+ Kh6 40. Rd6+ f6
41. f5 Be1 42. Rg6+ Kh7 43. Rxd4 Rf7 44. Re4 Bc3 45. Re8 Be5 46. Rgg8 Rc7 47.
Rh8+ Kg7 48. Rxh5 Rc3+ 49. Ke4 Rc4+ 50. Kd3 Rd4+ 51. Ke3 Rg4 52. Reh8 Kf7 53.
R5h7+ Rg7 54. Ke4 Bg3 55. h5 Be5 56. Kd5 Bb2 57. h6 Rxh7 58. Rxh7+ Kg8 59. Rg7+
Kh8 60. Ke6 Bc3 61. Kf7 Bd4 62. Kg6 1-0

[Event "Mondiale Lampo FIDE 2017"]
[Site "Riyadh"]
[Date "29.12.2017"]
[Round "9.13"]
[White "Movsesian, Sergei"]
[Black "Artemiev, Vladislav"]
[Result "1/2-1/2"]
[WhiteTitle "GM"]
[BlackTitle "GM"]
[WhiteElo "2647"]
[BlackElo "2691"]
[WhiteFideId "310204"]
[BlackFideId "24101605"]
[EventDate "2017.12.29"]

1. e4 c6 2. d4 d5 3. e5 Bf5 4. Nd2 e6 5. Nb3 Nd7 6. Be3 Ne7 7. Be2 Nc8 8. Nf3
Be7 9. O-O O-O 10. a4 Ncb6 11. Bd3 Bg4 12. h3 Bh5 13. Nbd2 a5 14. c3 c5 15. Qc2
Bg6 16. Bxg6 hxg6 17. dxc5 Nxc5 18. Nd4 Rc8 19. Nb5 Ncd7 20. Bd4 Bc5 21. Qd3
Bxd4 22. cxd4 Nc4 23. b3 Nxd2 24. Qxd2 Qb6 25. Rac1 Rc6 26. Rc3 f6 27. exf6 Nxf6
28. f3 e5 29. Rfc1 e4 30. Qg5 Rfc8 31. Qe3 exf3 32. Qxf3 Ne4 33. Rxc6 bxc6 34.
Qg4 Qd8 35. Qxg6 Qd7 36. Nc3 Nd6 37. Re1 Rf8 38. Re6 Nf5 39. Rxc6 Nxd4 40. Rd6
Qa7 41. Kh2 Nf5 42. Qe6+ Kh8 43. Rc6 Qb8+ 44. Kg1 Ng3 45. Qd6 Qa7+ 46. Kh2 Nf1+
47. Kh1 Qf2 48. Nd1 Ng3+ 49. Kh2 Nf1+ 50. Kh1 Qf5 51. Rc3 Rf6 52. Qd8+ Kh7 53.
Rf3 Qe5 54. Rxf6 gxf6 55. Qd7+ Kh6 56. Qg4 Qe1 57. Qf4+ Kh7 58. Qf5+ Kg7 59.
Qg4+ Kf8 60. Qc8+ Ke7 61. Qc7+ Ke6 62. Qc6+ Ke7 63. Qc7+ Kf8 64. Qc8+ Kf7 65.
Qd7+ Kg6 66. Qg4+ Kh6 67. Qf4+ Kg7 68. Qg4+ Kf7 69. Qd7+ 1/2-1/2

[Event "Mondiale Lampo FIDE 2017"]
[Site "Riyadh"]
[Date "29.12.2017"]
[Round "9.14"]
[White "Christiansen, Johan-Sebastian"]
[Black "Leko, Peter"]
[Result "1-0"]
[WhiteTitle "IM"]
[BlackTitle "GM"]
[WhiteElo "2495"]
[BlackElo "2691"]
[WhiteFideId "1512668"]
[BlackFideId "703303"]
[EventDate "2017.12.29"]

1. e4 e5 2. Nf3 Nc6 3. Nc3 Nf6 4. a3 d5 5. Bb5 d4 6. Ne2 Bd7 7. d3 Bd6 8. O-O
O-O 9. c3 dxc3 10. bxc3 Re8 11. Ng3 a6 12. Bc4 h6 13. Re1 Na5 14. Ba2 c5 15. Nh4
Be6 16. Nhf5 Bf8 17. Qf3 b5 18. h3 Nb3 19. Bxb3 Bxb3 20. Be3 Rc8 21. d4 Kh7 22.
dxe5 Rxe5 23. Qf4 Re6 24. Rac1 Qc7 25. Qh4 Rce8 26. Bf4 Qc6 27. f3 Nd7 28. Kh1
a5 29. Qg4 Ne5 30. Bxe5 Rxe5 31. Nd4 cxd4 32. cxd4 Qe6 33. dxe5 Qxg4 34. hxg4
Bxa3 35. Rc7 a4 36. Nf5 Rxe5 37. f4 Re8 38. e5 Bb2 39. Nd6 Rb8 40. Nxf7 a3 41.
Nd6 a2 42. Nf5 Rg8 43. Ra7 Ba4 44. e6 a1=Q 45. Rxa1 Bxa1 46. g5 hxg5 47. fxg5
Be5 48. g6+ Kh8 49. e7 Re8 50. Rd7 b4 51. Rd5 Bf6 52. Ra5 Bd7 53. Nd6 Rb8 54.
Nf7+ Kg8 55. Rh5 1-0

[Event "Mondiale Lampo FIDE 2017"]
[Site "Riyadh"]
[Date "29.12.2017"]
[Round "9.16"]
[White "Georgiev, Kiril"]
[Black "Harikrishna, Pentala"]
[Result "0-1"]
[WhiteTitle "GM"]
[BlackTitle "GM"]
[WhiteElo "2623"]
[BlackElo "2744"]
[WhiteFideId "2900017"]
[BlackFideId "5007003"]
[EventDate "2017.12.29"]

1. d4 Nf6 2. Nf3 d5 3. c4 e6 4. Nc3 Bb4 5. cxd5 exd5 6. Qa4+ Nc6 7. Bg5 h6 8.
Bxf6 Qxf6 9. e3 O-O 10. Be2 Be6 11. a3 Bxc3+ 12. bxc3 a6 13. O-O b5 14. Qd1 Na5
15. a4 Nc4 16. axb5 axb5 17. Qb3 c6 18. Ra2 Bg4 19. Rfa1 Rxa2 20. Qxa2 Bxf3 21.
Bxf3 Qe7 22. Qa6 Qc7 23. Be2 Rb8 24. g3 g6 25. Bd3 Nb2 26. Bc2 Nc4 27. Qa7 Rb7
28. Qc5 Qd6 29. Ra8+ Kg7 30. Qxd6 Nxd6 31. Rd8 Nc4 32. Rc8 Ra7 33. Bd3 Ra3 34.
Rxc6 Rxc3 35. Bf1 b4 36. Rc5 b3 37. Rxd5 Na3 38. Rc5 Rxc5 39. dxc5 b2 40. Bd3
Kf6 41. f4 Ke6 42. e4 b1=Q+ 43. Bxb1 Nxb1 44. Kf2 Nd2 45. Ke3 Nb3 46. c6 Kd6 47.
f5 Kxc6 48. fxg6 fxg6 49. Kf4 Kd6 50. h4 Ke6 51. g4 Na5 52. Ke3 Nc4+ 53. Kf4 Ne5
54. Kg3 g5 55. hxg5 hxg5 0-1

[Event "Mondiale Lampo FIDE 2017"]
[Site "Riyadh"]
[Date "29.12.2017"]
[Round "9.17"]
[White "Socko, Bartosz"]
[Black "Salem, A.R. Saleh"]
[Result "0-1"]
[WhiteTitle "GM"]
[BlackTitle "GM"]
[WhiteElo "2593"]
[BlackElo "2638"]
[WhiteFideId "1107038"]
[BlackFideId "9301348"]
[EventDate "2017.12.29"]

1. d4 Nf6 2. c4 g6 3. Nf3 Bg7 4. g3 d5 5. Bg2 dxc4 6. Na3 c3 7. bxc3 O-O 8. O-O
c5 9. Bb2 Nc6 10. Re1 Nd5 11. e4 Nb6 12. h3 Na5 13. Qd3 Na4 14. Bc1 Bd7 15. Rb1
Rc8 16. Bd2 a6 17. d5 b5 18. g4 e5 19. Be3 c4 20. Qd2 Nb7 21. Bh6 Qe7 22. Bxg7
Kxg7 23. Nc2 Nd6 24. Nh2 Nc5 25. Nf1 Nd3 26. Red1 Nf4 27. Ng3 h5 28. Ne3 hxg4
29. hxg4 Rh8 30. f3 Qh4 31. Nef1 Nb7 32. Qf2 Nc5 33. Nh5+ Rxh5 34. gxh5 Qxh5 35.
Ng3 Qg5 36. Bf1 Rh8 37. Rb2 Rh3 38. Qxc5 Qxg3+ 39. Bg2 Rh2 40. Rdd2 Bh3 41. d6
Bxg2 42. Qxe5+ Kh7 43. Qxf4 Rh1# 0-1

[Event "Mondiale Lampo FIDE 2017"]
[Site "Riyadh"]
[Date "29.12.2017"]
[Round "9.18"]
[White "Jobava, Baadur"]
[Black "Kasimdzhanov, Rustam"]
[Result "1/2-1/2"]
[WhiteTitle "GM"]
[BlackTitle "GM"]
[WhiteElo "2690"]
[BlackElo "2683"]
[WhiteFideId "13601520"]
[BlackFideId "14200244"]
[EventDate "2017.12.29"]

1. d4 Nf6 2. Bg5 d5 3. e3 c5 4. Bxf6 gxf6 5. dxc5 e6 6. c4 dxc4 7. Nd2 Bxc5 8.
Bxc4 Nc6 9. Ngf3 O-O 10. Rc1 Be7 11. O-O f5 12. Qe2 Bf6 13. b3 Nb4 14. Nb1 Bd7
15. Rfd1 Qe7 16. a3 Nc6 17. Nbd2 Rfd8 18. e4 fxe4 19. Nxe4 Bg7 20. Nd6 Be8 21.
Nxe8 Rxd1+ 22. Rxd1 Rxe8 23. a4 Rd8 24. g3 h6 25. Kg2 Rxd1 26. Qxd1 Qd8 1/2-1/2

[Event "Mondiale Lampo FIDE 2017"]
[Site "Riyadh"]
[Date "29.12.2017"]
[Round "9.19"]
[White "Petrosian, Tigran L."]
[Black "Onischuk, Vladimir"]
[Result "1-0"]
[WhiteTitle "GM"]
[BlackTitle "GM"]
[WhiteElo "2601"]
[BlackElo "2637"]
[WhiteFideId "13301616"]
[BlackFideId "14114038"]
[EventDate "2017.12.29"]

1. Nf3 g6 2. g3 Bg7 3. Bg2 Nf6 4. O-O O-O 5. d3 d6 6. e4 c5 7. Nh4 Nc6 8. f4 Nd7
9. f5 b5 10. Nc3 c4 11. Kh1 cxd3 12. cxd3 Bb7 13. Bg5 Nd4 14. a3 a5 15. Ne2 Nxe2
16. Qxe2 Nc5 17. Qe3 Nb3 18. Rad1 Bd4 19. Qe2 Bg7 20. Qe3 Rc8 21. Bh6 Rc2 22.
fxg6 fxg6 23. Bxg7 Kxg7 24. Rxf8 Qxf8 25. Rf1 Qe8 26. Qg5 Nd4 27. b4 axb4 28.
axb4 h6 29. Qe3 e5 30. Nf3 Nxf3 31. Qxf3 Qe7 32. Bh3 Bc6 33. Be6 Be8 34. Bd5 Rb2
35. Ra1 Rxb4 36. Ra8 Ra4 37. Rb8 Ra1+ 38. Kg2 Ra7 39. Qf2 Bf7 40. Rxb5 Bxd5 41.
Rxd5 Rb7 42. h4 h5 43. d4 Rc7 44. dxe5 dxe5 45. Qb2 Rb7 46. Qxe5+ Qxe5 47. Rxe5
Rb4 48. Kf3 Rb1 49. Rd5 Kf6 50. Rd6+ Kf7 51. Kf4 Rg1 52. Rc6 Kg7 53. Rc7+ Kf6
54. e5+ Ke6 55. Rg7 Rf1+ 56. Kg5 Rf5+ 57. Kxg6 Rxe5 58. Kh6 Kf6 59. Rg6+ Kf7 60.
Rg5 1-0

[Event "Mondiale Lampo FIDE 2017"]
[Site "Riyadh"]
[Date "29.12.2017"]
[Round "9.20"]
[White "Rapport, Richard"]
[Black "Melkumyan, Hrant"]
[Result "0-1"]
[WhiteTitle "GM"]
[BlackTitle "GM"]
[WhiteElo "2707"]
[BlackElo "2633"]
[WhiteFideId "738590"]
[BlackFideId "13302485"]
[EventDate "2017.12.29"]

1. d4 d5 2. Bf4 Bf5 3. e3 e6 4. Nf3 Nf6 5. Nc3 Be7 6. Ne5 h6 7. g4 Bh7 8. Bd3
Bxd3 9. cxd3 c6 10. h4 Nbd7 11. Qf3 Qa5 12. g5 Bb4 13. gxf6 Bxc3+ 14. Kf1 Nxe5
15. Bxe5 Bxb2 16. fxg7 Rg8 17. Rb1 Qxa2 18. Kg2 b5 19. Qe2 Qa3 20. Rxb2 Kd7 21.
Qf3 f5 22. Qh5 a5 23. Rc2 Qe7 24. Qg6 a4 25. Qxh6 a3 26. Rhc1 Ra6 27. Qh7 Qf7
28. h5 b4 29. h6 b3 30. Rd2 b2 31. Rb1 Rb6 32. Bg3 f4 33. Bxf4 Kc8 34. Bg3 Kb7
35. Qh8 Qe8 36. Qh7 Ka6 37. Bc7 a2 38. Rbxb2 Rxb2 39. Rxb2 a1=Q 40. Rb8 Qh5 41.
Rb6+ Ka7 42. Bh2 Qad1 43. Qxg8 Qhf3# 0-1

[Event "Mondiale Lampo FIDE 2017"]
[Site "Riyadh"]
[Date "29.12.2017"]
[Round "9.21"]
[White "Guseinov, Gadir"]
[Black "Amonatov, Farrukh"]
[Result "0-1"]
[WhiteTitle "GM"]
[BlackTitle "GM"]
[WhiteElo "2646"]
[BlackElo "2636"]
[WhiteFideId "13401378"]
[BlackFideId "14700077"]
[EventDate "2017.12.29"]

1. e4 c5 2. Nc3 d6 3. d4 cxd4 4. Qxd4 Nc6 5. Bb5 Bd7 6. Bxc6 Bxc6 7. Nge2 Nf6 8.
f3 e5 9. Qd3 h6 10. Be3 Be7 11. O-O-O O-O 12. Ng3 Bd7 13. Kb1 Rc8 14. Nf5 Bxf5
15. exf5 Qa5 16. g4 Rfd8 17. g5 hxg5 18. Bxg5 Rxc3 19. Qxc3 Qxc3 20. bxc3 Kf8
21. Kb2 Nd7 22. h4 Nb6 23. Kb3 d5 24. Rhg1 f6 25. Bc1 a5 26. a4 Kf7 27. Rg4 Nc4
28. Rdg1 Bf8 29. h5 Rb8 30. Rxc4 dxc4+ 31. Kxc4 Rc8+ 32. Kb3 Rd8 33. Be3 Rd7 34.
Rg2 Rd1 35. Rd2 Rf1 36. Rd7+ Ke8 37. Rxb7 Rb1+ 0-1

[Event "Mondiale Lampo FIDE 2017"]
[Site "Riyadh"]
[Date "29.12.2017"]
[Round "9.22"]
[White "Mamedov, Rauf"]
[Black "Nguyen, Ngoc Truong Son"]
[Result "1-0"]
[WhiteTitle "GM"]
[BlackTitle "GM"]
[WhiteElo "2709"]
[BlackElo "2630"]
[WhiteFideId "13401653"]
[BlackFideId "12401110"]
[EventDate "2017.12.29"]

1. e4 e5 2. Nf3 Nf6 3. Nc3 Nc6 4. a3 g6 5. d4 exd4 6. Nxd4 Bg7 7. Nde2 O-O 8. g3
Re8 9. Bg2 d6 10. O-O Ne5 11. h3 Bd7 12. a4 Qc8 13. Kh2 b6 14. Nd4 Nc6 15. Be3
Nxd4 16. Bxd4 Bc6 17. Re1 Qb7 18. a5 bxa5 19. Rxa5 Qb4 20. Ra6 Bb7 21. Ra4 Qxb2
22. Nd5 Qb5 23. Rb4 Qa5 24. Rxb7 Nxd5 25. Bxg7 Kxg7 26. e5 Nc3 27. Qf3 Rxe5 28.
Rxe5 dxe5 29. Rb3 Rd8 30. Rxc3 Rd2 31. Rc6 e4 32. Qxe4 Rxf2 33. Qd4+ 1-0

[Event "Mondiale Lampo FIDE 2017"]
[Site "Riyadh"]
[Date "29.12.2017"]
[Round "9.23"]
[White "Riazantsev, Alexander"]
[Black "Anton Guijarro, David"]
[Result "1-0"]
[WhiteTitle "GM"]
[BlackTitle "GM"]
[WhiteElo "2650"]
[BlackElo "2666"]
[WhiteFideId "4125029"]
[BlackFideId "2285525"]
[EventDate "2017.12.29"]

1. d4 Nf6 2. c4 e6 3. Nf3 b6 4. a3 Bb7 5. Nc3 d5 6. Bg5 Be7 7. e3 O-O 8. Qc2 c5
9. dxc5 bxc5 10. Rd1 Nbd7 11. Be2 h6 12. Bh4 Qb6 13. O-O Rfe8 14. Rd2 Rad8 15.
Rfd1 a6 16. h3 Qc7 17. Bg3 Qc8 18. Ne5 Nb6 19. b3 Ne4 20. Nxe4 dxe4 21. a4 Rxd2
22. Rxd2 Rd8 23. a5 Nd7 24. Qd1 Nxe5 25. Bxe5 Rxd2 26. Qxd2 f6 27. Bc3 Qd8 28.
Qxd8+ Bxd8 29. b4 cxb4 30. Bxb4 Kf7 31. Kf1 f5 32. Ke1 g5 33. Kd2 Bf6 34. Bc5
Ke8 35. Bh5+ Kd7 36. Bf7 Be7 37. Bxe7 Kxe7 38. Bg6 Kd6 39. Kc3 Kc5 40. Bf7 Bc8
41. Be8 e5 42. Bf7 Bd7 43. g3 Bc8 44. Bd5 f4 45. h4 fxg3 46. fxg3 gxh4 47. gxh4
Kd6 48. Kb4 Kc7 49. Bxe4 Be6 50. Kc5 Bf7 51. Bf5 Bg8 52. Be4 Bf7 53. Bd5 Bh5 54.
Be6 Bf3 55. Bf5 Bg2 56. e4 Bf1 1-0

[Event "Mondiale Lampo FIDE 2017"]
[Site "Riyadh"]
[Date "29.12.2017"]
[Round "9.24"]
[White "Bu, Xiangzhi"]
[Black "Savchenko, Boris"]
[Result "0-1"]
[WhiteTitle "GM"]
[BlackTitle "GM"]
[WhiteElo "2730"]
[BlackElo "2566"]
[WhiteFideId "8601445"]
[BlackFideId "4147332"]
[EventDate "2017.12.29"]

1. Nf3 c5 2. c4 g6 3. e4 d6 4. d4 cxd4 5. Nxd4 Nc6 6. Be3 Nf6 7. f3 Bg7 8. Nc3
O-O 9. Qd2 Bd7 10. Be2 Nxd4 11. Bxd4 a5 12. b3 Bc6 13. O-O Nd7 14. Be3 Nc5 15.
Rab1 e6 16. a3 Be5 17. b4 axb4 18. axb4 Ra3 19. bxc5 Rxc3 20. f4 Bg7 21. e5 dxe5
22. Qxc3 exf4 23. Qd2 Qg5 24. Bf3 fxe3 25. Qe2 Qxc5 26. Bxc6 bxc6 27. Rb7 h5 28.
g3 Bd4 29. Kg2 e5 30. Qd3 Qd6 31. Qe4 Qe6 32. Rc7 Qg4 33. Qxg4 hxg4 34. Rc1 Rb8
35. Rc2 Rb1 36. Re2 c5 37. h3 gxh3+ 38. Kxh3 Rc1 39. Ra2 Kg7 40. Kg2 Rd1 41.
Raa7 Rd2+ 42. Kf3 Rf2+ 43. Ke4 e2 0-1

[Event "Mondiale Lampo FIDE 2017"]
[Site "Riyadh"]
[Date "29.12.2017"]
[Round "9.25"]
[White "Ponkratov, Pavel"]
[Black "Saric, Ivan"]
[Result "0-1"]
[WhiteTitle "GM"]
[BlackTitle "GM"]
[WhiteElo "2613"]
[BlackElo "2669"]
[WhiteFideId "4157800"]
[BlackFideId "14508150"]
[EventDate "2017.12.29"]

1. e4 c6 2. Nf3 d5 3. Nc3 Bg4 4. h3 Bxf3 5. Qxf3 e6 6. g3 Nd7 7. Bg2 Bc5 8. Qg4
g6 9. Qe2 Ne7 10. O-O Qc7 11. Na4 Bd6 12. d4 dxe4 13. Qxe4 O-O 14. c4 b6 15. Nc3
Rfe8 16. Bg5 Rac8 17. Rfe1 Nf5 18. d5 h6 19. Bd2 Nf6 20. Qd3 exd5 21. cxd5 cxd5
22. g4 Ne7 23. Bxh6 Bf4 24. g5 Nh5 25. Rxe7 Qxe7 26. Nxd5 Qe5 27. h4 Rc1+ 28.
Rxc1 Bxc1 29. Bf3 Nf4 30. Qc4 Qe1+ 31. Qf1 Qxf1+ 32. Kxf1 Nxd5 33. Bxd5 Re5 34.
Bb3 a5 35. a4 Re4 36. h5 gxh5 37. Bd5 Re5 38. Bxf7+ Kxf7 39. g6+ Kxg6 40. Bxc1
Re4 0-1

[Event "Mondiale Lampo FIDE 2017"]
[Site "Riyadh"]
[Date "29.12.2017"]
[Round "9.26"]
[White "Eljanov, Pavel"]
[Black "Kryvoruchko, Yuriy"]
[Result "0-1"]
[WhiteTitle "GM"]
[BlackTitle "GM"]
[WhiteElo "2711"]
[BlackElo "2689"]
[WhiteFideId "14102951"]
[BlackFideId "14109182"]
[EventDate "2017.12.29"]

1. c4 Nf6 2. Nc3 e5 3. Nf3 Nc6 4. g3 Bb4 5. Bg2 O-O 6. O-O d6 7. d3 Re8 8. Rb1
Bg4 9. h3 Be6 10. Bg5 h6 11. Bxf6 Qxf6 12. Nd5 Bxd5 13. cxd5 Nd4 14. Nxd4 exd4
15. Qb3 a5 16. Bf3 Rab8 17. Qa4 b5 18. Qc2 Bc5 19. h4 Re5 20. Kg2 g6 21. a3 a4
22. b4 axb3 23. Rxb3 Ree8 24. Rfb1 Ra8 25. Rxb5 Rxa3 26. Rb8 Ra8 27. Rxe8+ Rxe8
28. Qa4 Qe7 29. Qc6 Bb6 30. h5 g5 31. g4 Kg7 32. Be4 Rd8 33. Ra1 Qd7 34. Qxd7
Rxd7 35. Ra8 Re7 36. Kf1 Re5 37. Ke1 Re7 38. Kd1 Kf6 39. Rh8 Kg7 40. Rh7+ Kg8
41. Rxh6 Rxe4 42. dxe4 Kg7 43. Re6 fxe6 44. dxe6 d3 45. e3 Ba5 46. e5 Bc3 47.
h6+ Kf8 48. f4 gxf4 49. exf4 dxe5 50. g5 e4 0-1

[Event "Mondiale Lampo FIDE 2017"]
[Site "Riyadh"]
[Date "29.12.2017"]
[Round "9.27"]
[White "Alekseev, Evgeny"]
[Black "Akobian, Varuzhan"]
[Result "0-1"]
[WhiteTitle "GM"]
[BlackTitle "GM"]
[WhiteElo "2616"]
[BlackElo "2647"]
[WhiteFideId "4138147"]
[BlackFideId "13300580"]
[EventDate "2017.12.29"]

1. e4 e6 2. d4 d5 3. Nc3 Bb4 4. exd5 exd5 5. Bd3 Nc6 6. a3 Ba5 7. Ne2 Nge7 8.
O-O O-O 9. Ng3 Nxd4 10. Bxh7+ Kxh7 11. Qxd4 c6 12. Re1 Nf5 13. Qd3 Qf6 14. Nh5
Qd4 15. Qf3 Nh4 16. Qf4 Qxf4 17. Bxf4 Bf5 18. Be5 f6 19. Bd4 Bg6 20. Nf4 Bxc2
21. Rac1 Rfe8 22. f3 Nf5 23. Bf2 Bb3 24. Nfe2 Bc4 25. b4 Bb6 26. g4 Nh4 0-1

[Event "Mondiale Lampo FIDE 2017"]
[Site "Riyadh"]
[Date "29.12.2017"]
[Round "9.28"]
[White "Howell, David W L"]
[Black "Meier, Georg"]
[Result "1-0"]
[WhiteTitle "GM"]
[BlackTitle "GM"]
[WhiteElo "2676"]
[BlackElo "2650"]
[WhiteFideId "410608"]
[BlackFideId "4675789"]
[EventDate "2017.12.29"]

1. c4 b6 2. Nc3 Bb7 3. d4 e6 4. a3 Nf6 5. Nf3 d5 6. cxd5 Nxd5 7. Qc2 Nxc3 8.
Qxc3 h6 9. g3 Bd6 10. Bg2 O-O 11. O-O Nd7 12. b4 Qc8 13. Rd1 Rd8 14. Bb2 Bd5 15.
Ne1 Qb7 16. Rac1 a5 17. f3 axb4 18. axb4 b5 19. Nd3 Nb6 20. Nc5 Qc8 21. e4 Bc4
22. Ra1 Bf8 23. Rxa8 Qxa8 24. Ra1 Qb8 25. Bc1 c6 26. Be3 Bd6 27. Kf2 Qc7 28. Ra6
Ra8 29. Qa3 Rxa6 30. Qxa6 Qb8 31. Nb7 Bc7 32. d5 cxd5 33. Bxb6 dxe4 34. fxe4
Bxb6+ 35. Qxb6 Qe5 36. Qd8+ Kh7 37. Qd2 h5 38. h4 f6 39. Nc5 Qa1 40. Bh3 e5 41.
Bf5+ g6 42. Qd7+ Kh6 43. Qd2+ Kh7 44. Bh3 Qb1 45. Bg2 Kg7 46. Qd7+ Kh6 47. Qd2+
Kg7 48. Nb7 Be6 49. Nd6 Bc4 50. Ne8+ Kf7 51. Nd6+ Kg7 52. Ne8+ Kf7 53. Nc7 Ke7
54. Nd5+ Kf7 55. Ne3 Be6 56. Bf3 Ke7 57. Nd5+ Kf7 58. Ne3 Ke7 59. Bg2 Kf7 60.
Qc3 Kf8 61. Qc5+ Kf7 62. Qxb5 Qb2+ 63. Kg1 Qd2 64. Qc5 g5 65. hxg5 h4 66. gxh4
Qe1+ 67. Nf1 1-0

[Event "Mondiale Lampo FIDE 2017"]
[Site "Riyadh"]
[Date "29.12.2017"]
[Round "9.29"]
[White "Sargissian, Gabriel"]
[Black "Rakhmanov, Aleksandr"]
[Result "1-0"]
[WhiteTitle "GM"]
[BlackTitle "GM"]
[WhiteElo "2672"]
[BlackElo "2653"]
[WhiteFideId "13300881"]
[BlackFideId "4173708"]
[EventDate "2017.12.29"]

1. d4 Nf6 2. Nf3 g6 3. g3 Bg7 4. Bg2 O-O 5. O-O d6 6. b3 c6 7. Bb2 a5 8. c4 Bf5
9. Nc3 Ne4 10. e3 Nxc3 11. Bxc3 Be4 12. Qe2 e6 13. Bh3 Bxf3 14. Qxf3 d5 15. Qe2
Nd7 16. Rfd1 f5 17. Bg2 Nf6 18. a4 g5 19. b4 axb4 20. Bxb4 Rf7 21. a5 g4 22.
Rab1 h5 23. Be1 Ne8 24. cxd5 cxd5 25. Rb6 Qc8 26. Rdb1 Bf8 27. Qd3 Nd6 28. Qb3
Ra7 29. Bf1 Rc7 30. Bb4 Nc4 31. Bxc4 dxc4 32. Qc3 Ra6 33. Bxf8 Kxf8 34. d5 Rxb6
35. Rxb6 exd5 36. Qh8+ Ke7 1-0

[Event "Mondiale Lampo FIDE 2017"]
[Site "Riyadh"]
[Date "29.12.2017"]
[Round "9.30"]
[White "Wang, Yue"]
[Black "Sethuraman, S.P."]
[Result "1-0"]
[WhiteTitle "GM"]
[BlackTitle "GM"]
[WhiteElo "2690"]
[BlackElo "2646"]
[WhiteFideId "8601429"]
[BlackFideId "5021596"]
[EventDate "2017.12.29"]

1. d4 d5 2. c4 e6 3. Nc3 c6 4. cxd5 exd5 5. Nf3 Nf6 6. Bg5 Bf5 7. Qb3 Qb6 8.
Bxf6 gxf6 9. e3 Nd7 10. Be2 Qxb3 11. axb3 Nb6 12. Kd2 Bd6 13. Nh4 Bd7 14. Bd3
Nc8 15. Ne2 Bb4+ 16. Kd1 Nd6 17. Ng3 Be6 18. Ngf5 Kd7 19. Nxd6 Bxd6 20. g3 a5
21. Ke2 b6 22. Nf5 Bxf5 23. Bxf5+ Kc7 24. h4 h6 25. Kf3 Rad8 26. Rac1 Kb7 27.
Rhd1 Rhg8 28. Bg4 Bb4 29. Bh5 Rd7 30. Kf4 Rg7 31. Kf5 Be7 32. Bf3 Rd6 33. e4
dxe4 34. Bxe4 Rg8 35. d5 c5 36. Bf3 Bd8 37. Re1 Kc7 38. Rc4 Rd7 39. Rg4 Rxg4 40.
Kxg4 Re7 41. d6+ Kxd6 42. Rd1+ Kc7 43. Kh5 Rd7 44. Kxh6 Rxd1 45. Bxd1 f5 46. Kg7
f4 47. h5 fxg3 48. fxg3 Bg5 49. h6 Bc1 50. h7 f5 51. Bc2 Bxb2+ 52. Kf7 b5 53.
Bxf5 a4 54. bxa4 b4 55. g4 c4 56. g5 b3 57. g6 Be5 58. Be6 b2 59. Bf5 1-0

[Event "Mondiale Lampo FIDE 2017"]
[Site "Riyadh"]
[Date "29.12.2017"]
[Round "9.31"]
[White "Volokitin, Andrei"]
[Black "Aronian, Levon"]
[Result "0-1"]
[WhiteTitle "GM"]
[BlackTitle "GM"]
[WhiteElo "2628"]
[BlackElo "2805"]
[WhiteFideId "14107090"]
[BlackFideId "13300474"]
[EventDate "2017.12.29"]

1. e4 e5 2. Nf3 Nc6 3. Bc4 Bc5 4. O-O Nf6 5. d3 O-O 6. h3 d6 7. c3 Bb6 8. Bb3
Ne7 9. Nbd2 c6 10. Re1 Ng6 11. d4 Re8 12. Bc2 h6 13. Nf1 d5 14. exd5 e4 15. Ne5
cxd5 16. Nxg6 fxg6 17. Bf4 Rf8 18. Ne3 Be6 19. Bh2 Bc7 20. Bxc7 Qxc7 21. Bb3
Rad8 22. a4 Nh5 23. Qd2 Nf4 24. Bc2 Bxh3 25. Nxd5 Rxd5 26. Bb3 Be6 27. Rxe4 Rd6
28. Rxf4 Bxb3 29. Rxf8+ Kxf8 30. a5 Bf7 31. Qf4 g5 32. Qe5 Qe7 33. Qc5 a6 34.
Qc8+ Rd8 35. Qf5 Kg8 36. Rf1 Bc4 37. Rd1 Rf8 38. Qc2 Qe6 39. Qd2 Bd5 40. Re1 Qg4
41. Qd1 0-1

[Event "Mondiale Lampo FIDE 2017"]
[Site "Riyadh"]
[Date "29.12.2017"]
[Round "9.32"]
[White "Short, Nigel D"]
[Black "Ivanchuk, Vassily"]
[Result "1-0"]
[WhiteTitle "GM"]
[BlackTitle "GM"]
[WhiteElo "2678"]
[BlackElo "2726"]
[WhiteFideId "400025"]
[BlackFideId "14100010"]
[EventDate "2017.12.29"]

1. d4 Nf6 2. Nf3 e6 3. c4 b6 4. g3 Bb7 5. Bg2 Be7 6. O-O O-O 7. Bf4 Re8 8. Nc3
Ne4 9. Qc2 Nxc3 10. Qxc3 d6 11. Rfe1 f5 12. Rad1 Nd7 13. h4 h6 14. Qc1 Bf6 15.
Bd2 Qe7 16. Bc3 a5 17. Bh3 g5 18. hxg5 hxg5 19. g4 f4 20. Bg2 Rf8 21. e3 Bg7 22.
e4 e5 23. d5 Bc8 24. Nh2 Rf7 25. Kf1 Nf8 26. Ke2 Ng6 27. f3 Nh4 28. Rg1 Bf6 29.
Kd3 Rh7 30. Qd2 Bd7 31. Kc2 Kf7 32. Bf1 Rah8 33. Be2 Nf5 34. gxf5 Rxh2 35. Kb1
R8h3 36. Rdf1 Kf8 37. Qe1 Qh7 38. Rf2 Be8 39. Rxh2 Rxh2 40. Qf1 Qh3 41. Qxh3
Rxh3 42. Kc1 Bh5 43. Rf1 Rg3 44. Kd1 g4 45. fxg4 Bxg4 46. Bxg4 Rxg4 47. Ke2 Bh4
48. Rh1 Kf7 49. Be1 Bxe1 50. Kxe1 Rg2 51. Rh7+ Kf6 52. Rxc7 f3 53. Rd7 Rxb2 54.
Rxd6+ Kg5 55. f6 Kf4 56. f7 Ke3 57. Kd1 f2 58. f8=Q f1=Q+ 59. Qxf1 Rb1+ 60. Kc2
Rxf1 61. Rxb6 1-0